Formuła 1 - wszystkie zespoły w XXI wieku - Statystyki

Ogólne statystyki
  • Ten quiz został rozwiązany 2 701 razy
    960 od ostatniego zresetowania
  • Średni wynik to 19 z 35
Statystyki odpowiedzi
Okres występów Państwo Zespół % Poprawnych
2001-2025 Włochy Ferrari
100%
2001-2025 Wielka Bytania McLaren
97%
2010-2025 Niemcy Mercedes
97%
2005-2025 Austria Red Bull
97%
2001-2018, 2024-2025 Szwajcaria/Niemcy Sauber | BMW Sauber
95%
2021-2025 Francja Alpine
91%
2016-2025 USA Haas
91%
2021-2025 Wielka Bytania Aston Martin
86%
2001-2025 Wielka Bytania Williams
86%
2002-2011, 2016-2020 Francja Renault
84%
2024-2025 Włochy Racing Bulls | RB
76%
2019-2023 Włochy/Szwajcaria Alfa Romeo
70%
2008-2018 Indie Force India
64%
2006-2008 Japonia Honda
62%
2020-2023 Włochy AlphaTauri
60%
2006-2019 Włochy Toro Rosso
59%
2019-2020 Wielka Brytania Racing Point
55%
2010-2015 Wielka Brytania/Malezja Lotus
54%
2002-2009 Japonia Toyota
53%
2009 Wielka Brytania Brawn
48%
2012-2015 Rosja Marussia
38%
2001-2005 Włochy Minardi
36%
2010-2012 Hiszpania HRT
34%
2001-2005 Irlandia Jordan
31%
2001-2004 Wielka Brytania Jaguar
30%
2012-2014 Malezja Caterham
28%
2001 Francja Prost
23%
2001 Włochy Benetton
22%
2006-2008 Japonia Super Aguri
22%
2016 Wielka Brytania Manor
21%
2007 Holandia Spyker
20%
2010-2011 Wielka Brytania Virgin
20%
2001-2005 Wielka Brytania BAR
17%
2001-2002 Wielka Brytania Arrows
14%
2006 Rosja Midland
11%
Nie znaleziono quizów pasujących do podanych kryteriów
Rozkład punktacji
Procent ludzi z każdym wynikiem
Percentyl według liczby udzielonych odpowiedzi
Twoja historia wyników
Nie rozwiązałeś tego quizu od ostatniego zresetowania